| 000 | 00370nam a22001577a 4500 | ||
|---|---|---|---|
| 003 | SGT | ||
| 020 | _a9788184739251 | ||
| 082 |
_a616.024 _bS13C |
||
| 100 | _aCOFFMAN, THOMAS M. | ||
| 245 | _aSCHRIER'S DISEASE OF THE KIDNEY | ||
| 250 | _a9TH | ||
| 260 |
_aINDIA _bWOLTERS KLUWER PUB _c2013 |
||
| 300 | _a1906-2213 | ||
| 650 | _aGENERAL MEDICINE | ||
| 942 |
_2ddc _cBK |
||
| 999 |
_c21796 _d21796 |
||